Chansons d'Olivia Rodrigo - Statistiques

Statistiques générales
  • Ce quiz a été pris 4 fois
  • Le résultat moyen est 17 sur 28
Statistiques - réponses
Hint Réponse % Correct
deja vu
100%
driver license
100%
good 4 u
100%
jealousy, jealousy
100%
vampire
100%
happier
75%
1 step forward, 3 steps back
50%
Guts all-american bitch
50%
bad idea right ?
50%
ballad of a homeschooled girl
50%
Sour brutal
50%
enough for you
50%
favorite crime
50%
get him back
50%
girl i've always been
50%
hope ur ok
50%
lacy
50%
logical
50%
love is embarrassing
50%
making the bed
50%
Guts (spilled) obsessed
50%
pretty isn't pretty
50%
scared of my guitar
50%
so american
50%
stranger
50%
teenage dream
50%
the grudge
50%
traitor
50%
Aucun quiz correspondant
Distribution des résultats
% des personnes avec chaque résultat
Percentile par nombre de réponses
Votre historique - résultats
Vous n’avez pas pris ce quiz